000 00557cam a22001457a 4500
008 180718b2003 xxu||||| |||| 00| 0 eng d
100 _aGupta, Monica Das
245 _aGovernance of communicable disease control services: a case study and lessons from India
_cby Monica Das Gupta, Peyvand Khaleghian and Rakesh Sarwal
260 _aWashington, D.C.
_bWorld Bank
_c2003
300 _a35p.
440 _aPolicy research working paper; no. 3100
650 _aDisease management --India --Karnataka
700 _aSarwal, Rakesh
700 _aKhaleghian, Peyvand
999 _c289916
_d289916